000 02053nam0a2200421 4500
001 RU\NLR\bibl\110500
005 20260607090611.0
010 _a5-93418-021-5
_915000
021 _aRU
_b2000-19566
_9920
035 _a(NLR Aleph) 000108156
090 _a612886
_c612886
100 _a20000929d2000 |||y0rusy50 ca
101 1 _arus
102 _aRU
105 _aabc |||||||||
200 1 _aЗеркало сознания. Владыки семи лучей
_fМарк Л. Профет, Элизабет Клэр Профет
_g[Пер. И. Вибе и др.]
210 _a[М.]
_cВосьмой луч
_d2000
215 _a447 с., [9] л. ил., цв. ил., портр.
_cил., портр.
_d21
225 1 _aУчения Вознесенных Владык
300 _aЗагл. и авт. ориг.: Lords of the seven rays: Mirror of consciousness / By Mark L. Prophet a. Elizabeth Clare Prophet
300 _aЗагл. обл.: Владыки семи лучей
320 _aБиблиогр. в примеч.: с.440-445 и в подстроч. примеч.
454 0 _12001#$aLords of the seven rays: Mirror of consciousness$fBy Mark L. Prophet a. Elizabeth Clare Prophet
_tLords of the seven rays: Mirror of consciousness
512 1 _6z22790
_aВладыки семи лучей
606 0 _aТеософия
_91157305
_3RU\NLR\auth\66144541
686 _aЭ391.6
700 1 _4070
_7ca
_8rus
_aПрофет
_bМ. Л.
_f1918-1973
_gМарк Л.
_9122303
_3RU\NLR\auth\7712592
701 1 _4070
_7ca
_8rus
_aПрофет
_bЭ. К.
_f1939-2009
_gЭлизабет Клэр
_9113090
_3RU\NLR\AUTH\773084
790 1 _4070
_7ca
_8rus
_aПрофет
_bМ. Л.
_f1918-1973
_gМарк Л.
_9122303
_3RU\NLR\auth\7712592
790 1 _4070
_7ca
_8rus
_aПрофет
_bЭ. К.
_f1939-2009
_gЭлизабет Клэр
_9113090
_3RU\NLR\auth\773084
801 0 _aRU
_bNLR
_c20000929
_gPSBO
801 1 _aRU
_bNLR
_c20000929
852 _aNLR
_j2000-3/10618
942 _cBOOK
980 _aNB